000 00263nmm a2200085Ia 4500
008 220120s9999||||xx |||||||||||||||||und||
100 _aPCQ March 2010
245 0 _aOpen source aaplications for windows, knowledge inventory ma
260 _aCyber tach publication
_c2010
999 _c139468
_d139468